| 000 | 00951nam a22002777a 4500 | ||
|---|---|---|---|
| 003 | 0 | ||
| 005 | 20180804113612.0 | ||
| 008 | 0 | ||
| 010 | _aB-168491 | ||
| 020 |
_c900.00 _a9781563089923 |
||
| 035 | _aB-168491, B-168492 | ||
| 037 | _bCen Lib/Ret | ||
| 040 |
_aDPL _bEN _c0 |
||
| 082 |
_a025.197092 _bHER |
||
| 100 |
_aHernon, Peter _92993 |
||
| 245 |
_aThe next library leadership : _cby Peter Hernon, Ronald R.Powell [and] Arthur P.Young _bAttributes of academic and public library directors / |
||
| 260 |
_aWestport _bLibraries Unlimited _c2005 |
||
| 270 |
_a88, Post Road West _bWestport _eCT06881 |
||
| 300 |
_axi,192p. _c22cm (pbk) |
||
| 500 | _aIncludes bibliography reference and index | ||
| 650 |
_aLibrary directors-United staes _92994 |
||
| 650 |
_aAcademic library directors- United states _92995 |
||
| 700 |
_aPowell, Ronald R. _92998 |
||
| 700 |
_aYoung, Arthur P. _92999 |
||
| 942 |
_2ddc _cEN _h025.197092 _mHER |
||
| 999 |
_c122903 _d122903 |
||